Представление документа в формате MARC21

Поле Инд. ПП Название Значение
Тип записи a
Библиографический уровень m
001 Контрольный номер 9ec6faf7-9072-4c88-b00a-5a6eca0a9f7e
005 Дата корректировки 20200305113229.5
008 Кодируемые данные 981002 d
020 a ISBN 5-89201-003-1
c Цена, тираж 18850.00
080 a Индекс УДК 930.9
084 a Индекс другой классификации/Индекс ББК Т3(0)я25
090 c Каталожный индекс Т3(0)я25
x Авторский знак О-34
a Полочн. индекс Т3(0)я25
100 1_ a Автор Овсянников Алексей Алексеевич
245 00 a Заглавие История двух тысячелетий в датах
b Продолж. заглавия Справ. пособие для учащихся сред. шк. и студентов вузов
c Ответственность Алексей Овсянников
260 0_ a Место издания Тула
b Издательство Автограф
c Дата издания 1996
300 a Объем 635,[2] с.
500 a Примечание Библиогр.: с.635-636.
583 a Действие Приписка 306 13.10.97
k Исполнитель действия ООО "Цимелиа"
650 04 a Основная рубрика Всемирная история
653 0_ a Ключевые слова Всемирная история
a Ключевые слова Справочники
852 41 t Порядковый номер экземпляра 1
p Инвентарный номер 674428
852 41 t Порядковый номер экземпляра 1
p Инвентарный номер 687320 40000.00
888 a Пред.оплата
920 a Оператор Прокоф
930 a Новая/Ретро Справочники
952 p 306 40000.00 1 687320
c Вид литературы К рус
954 a Дата поступления на обработку 10.12.96
999 a Подразделение 2 ч.з.
a Подразделение 2 кх.